[Event "Pia Cramling Ladies Open 2018"]
[Site "Stockholm"]
[Date "2018.09.01"]
[Round "3"]
[White "Andersson, Christin"]
[Black "Fransson, Pia"]
[Result "1/2-1/2"]
[WhiteElo "2077"]
[BlackElo "1549"]
[Annotator "NA"]
[PlyCount "128"]
[EventDate "2018.09.01"]
[EventType "swiss"]
[EventCountry "SWE"]
[SourceTitle "playchess.com"]
[Source "ChessBase"]
[SourceQuality "1"]
[TimeControl "1800+10"]

1. e4 {[%emt 0:00:00]} d5 {[%emt 0:00:00]} 2. exd5 {[%emt 0:00:00]} Qxd5 {[%emt 0:00:00]} 3. Nc3 {[%emt 0:00:00]} Qd8 {[%emt 0:00:00]} 4. d4 {[%emt 0:00:04]} Nf6 {[%emt 0:00:00]} 5. Nf3 {[%emt 0:00:02]} Bg4 {[%emt 0:00:00]} 6. Be2 {[%emt 0:00:06]} e6 {[%emt 0:00:06]} 7. Bf4 {[%emt 0:00:15] B01: Skandinavische Verteidigung} (7. O-O c6 8. h3 Bh5 9. a3 Bd6 10. Ne5 Bxe2 11. Qxe2 Nbd7 12. Bg5 Qc7 13. Rfe1 O-O 14. Nxd7 Nxd7 15. Ne4 {1-0 (47) Shkuran,D (2425)-Vovk,Y (2611) Lvov 2016}) 7... Be7 {[%emt 0:00:05]} 8. O-O {[%emt 0:00:14]} O-O {[%emt 0:00:03]} 9. Rc1 $146 {[%emt 0:00:25]} ({Vorgänger:} 9. h3 Bh5 10. Qd2 c6 11. Rad1 Nbd7 12. Ne5 Bxe2 13. Qxe2 Nd5 14. Nxd5 cxd5 15. Rd3 {1-0 (54) Timoshin,A (1852)-Petrov,D (2260) Tallinn 2018}) 9... Nbd7 {[%emt 0:00:18]} 10. Ne4 {[%emt 0:00:34]} c6 {[%emt 0:00:25]} 11. c4 {[%emt 0:00:12]} Nxe4 {[%emt 0:00:26]} 12. Qb3 {[%emt 0:00:28]} Nb6 {[%emt 0:01:20]} 13. Rfd1 {[%emt 0:00:24]} Bxf3 {[%emt 0:00:11]} 14. Bxf3 {[%emt 0:00:20]} Nd6 {[%emt 0:00:32]} 15. c5 {[%emt 0:00:09]} Nb5 {[%emt 0:03:14]} 16. cxb6 {[%emt 0:00:16]} Qxb6 {[%emt 0:00:07]} 17. a4 {[%emt 0:00:45]} Nxd4 {[%emt 0:01:02]} 18. Qxb6 {[%emt 0:00:20]} Nxf3+ {[%emt 0:00:03]} 19. gxf3 {[%emt 0:00:02]} axb6 {[%emt 0:00:05]} 20. Rd7 {[%emt 0:00:15]} Bf6 {[%emt 0:00:13]} 21. Rxb7 {[%emt 0:00:07]} Rxa4 {[%emt 0:00:12]} 22. Be3 {[%emt 0:00:19]} Bxb2 {[%emt 0:00:44]} 23. Rxc6 {[%emt 0:00:05]} Bd4 {[%emt 0:01:00]} 24. Bxd4 {[%emt 0:00:15]} Rxd4 {[%emt 0:00:03]} 25. Rcxb6 {[%emt 0:00:11]} Rfd8 {[%emt 0:00:27]} 26. Rb8 {[%emt 0:00:02]} Kf8 {[%emt 0:00:08]} 27. Kg2 {[%emt 0:00:08]} Ke7 {[%emt 0:01:05]} 28. Rxd8 {[%emt 0:00:02]} Rxd8 {[%emt 0:00:04]} 29. Rb3 {[%emt 0:00:10]} Rd4 {[%emt 0:00:33]} 30. Ra3 {[%emt 0:00:08]} Kf6 {[%emt 0:00:06]} 31. Rb3 {[%emt 0:00:17]} h5 {[%emt 0:00:11]} 32. Rb5 {[%emt 0:00:25]} g5 {[%emt 0:00:15]} 33. Ra5 {[%emt 0:00:09]} e5 {[%emt 0:01:01]} 34. Ra3 {[%emt 0:00:09]} Kf5 {[%emt 0:00:40]} 35. Ra7 {[%emt 0:00:45]} f6 {[%emt 0:00:14]} 36. Ra6 {[%emt 0:00:28]} Kg6 {[%emt 0:02:00]} 37. Ra3 {[%emt 0:00:09]} Kf7 {[%emt 0:01:36]} 38. Ra6 {[%emt 0:00:30]} Ke7 {[%emt 0:00:23]} 39. Ra7+ {[%emt 0:00:12]} Rd7 {[%emt 0:00:05]} 40. Ra3 {[%emt 0:00:14]} Ke6 {[%emt 0:00:56]} 41. Rb3 {[%emt 0:00:09]} Rd6 {[%emt 0:00:34]} 42. Ra3 {[%emt 0:00:06]} Kf5 {[%emt 0:00:11]} 43. Rb3 {[%emt 0:00:25]} Kf4 {[%emt 0:00:06]} 44. Ra3 {[%emt 0:00:21]} f5 {[%emt 0:00:14]} 45. Rb3 {[%emt 0:00:15]} Rd4 {[%emt 0:04:28]} 46. Ra3 {[%emt 0:00:09]} g4 {[%emt 0:00:52]} 47. fxg4 {[%emt 0:00:20]} hxg4 {[%emt 0:00:03]} 48. Re3 {[%emt 0:00:11]} e4 {[%emt 0:00:27]} 49. Re2 {[%emt 0:00:31]} Rd3 {[%emt 0:00:30]} 50. Ra2 {[%emt 0:00:20]} Ke5 {[%emt 0:01:04]} 51. Ra5+ {[%emt 0:00:11]} Rd5 {[%emt 0:00:01]} 52. Ra2 {[%emt 0:00:13]} f4 {[%emt 0:00:08]} 53. Rb2 {[%emt 0:02:19]} e3 {[%emt 0:03:30]} 54. fxe3 {[%emt 0:00:01]} fxe3 {[%emt 0:00:03]} 55. Kf1 $2 {[%emt 0:00:52]} (55. Rb1 $17) 55... Ke4 {[%emt 0:00:18]} 56. Ke1 {[%emt 0:00:33]} Kf3 {[%emt 0:00:20]} 57. Rb8 {[%emt 0:00:56]} Re5 $2 {[%emt 0:02:15]} (57... Rh5 $19 58. Rf8+ Kg2) 58. Rf8+ {[%emt 0:00:23]} Kg2 {[%emt 0:00:29]} (58... Ke4 $5 59. Ke2 $8 Rh5 60. Re8+ Kf4 61. Rf8+ Ke5 $11) 59. Rh8 {[%emt 0:00:58]} Kf3 {[%emt 0:00:15]} 60. Rf8+ {[%emt 0:00:31]} Kg2 {[%emt 0:00:24]} 61. Rh8 {[%emt 0:00:29]} Re4 {[%emt 0:00:03]} 62. Ke2 {[%emt 0:00:56]} g3 $11 {[%emt 0:01:12]} 63. hxg3 {[%emt 0:00:07]} Kxg3 {[%emt 0:00:07]} 64. Rg8+ {[%emt 0:00:02]} Rg4 1/2-1/2

[Event "Pia Cramling Ladies Open 2018"]
[Site "Stockholm"]
[Date "2018.09.01"]
[Round "3"]
[White "Tuominen, Tanja"]
[Black "Cramling Bellon, Anna"]
[Result "1-0"]
[WhiteElo "2076"]
[BlackElo "2009"]
[Annotator "NA"]
[PlyCount "101"]
[EventDate "2018.09.01"]
[EventType "swiss"]
[EventCountry "SWE"]
[SourceTitle "playchess.com"]
[Source "ChessBase"]
[SourceQuality "1"]
[TimeControl "1800+10"]

1. e4 {[%emt 0:01:44]} c5 {[%emt 0:00:00]} 2. Nf3 {[%emt 0:00:06]} d6 {[%emt 0:00:00]} 3. c3 {[%emt 0:00:02]} Nf6 {[%emt 0:00:10]} 4. Bd3 {[%emt 0:00:09]} Nc6 {[%emt 0:00:28]} 5. O-O {[%emt 0:00:05]} Bg4 {[%emt 0:00:26]} 6. h3 {[%emt 0:00:51] B50: Sicilian: 2...d6, Miscellaneous} (6. Re1 e6 7. h3 Bh5 8. Bf1 Be7 9. d3 O-O 10. Nbd2 d5 11. exd5 Nxd5 12. g3 Qc7 13. Bg2 Rad8 {½-½ (80) Miroshnichenko,E (2621)-Areshchenko,A (2691) Kiev 2012}) 6... Bh5 {[%emt 0:00:15]} 7. Bc2 {[%emt 0:02:56]} e6 {[%emt 0:01:05]} 8. d3 {[%emt 0:00:11]} Be7 {[%emt 0:01:27]} 9. Bg5 $146 {[%emt 0:00:44]} ({Predecessor:} 9. Nbd2 Qc7 10. Re1 O-O-O 11. a3 g5 12. Nc4 g4 13. hxg4 Nxg4 {½-½ (90) Kovalevskaya,E (2405)-Bodnaruk,A (2428) St Petersburg 2017}) 9... h6 {[%emt 0:01:24]} 10. Be3 {[%emt 0:02:03]} g5 {[%emt 0:04:06]} 11. d4 {[%emt 0:03:59]} g4 {[%emt 0:01:24]} 12. hxg4 {[%emt 0:00:10]} Bxg4 {[%emt 0:02:39]} 13. Nbd2 {[%emt 0:01:50]} cxd4 {[%emt 0:02:39]} 14. cxd4 {[%emt 0:00:14]} Qa5 {[%emt 0:00:15]} 15. e5 {[%emt 0:05:00]} dxe5 {[%emt 0:02:18]} 16. Nc4 {[%emt 0:00:41]} Qd5 {[%emt 0:05:06]} 17. Ncxe5 {[%emt 0:01:04]} Nxe5 {[%emt 0:01:50]} 18. dxe5 {[%emt 0:00:10]} Bxf3 {[%emt 0:04:15]} 19. Qxf3 {[%emt 0:00:19]} Qxf3 {[%emt 0:02:39]} 20. gxf3 {[%emt 0:00:22]} Nd7 {[%emt 0:00:01]} 21. Ba4 {[%emt 0:00:43]} a6 $16 {[%emt 0:00:16]} 22. Bb6 {[%emt 0:00:21]} Bd8 {[%emt 0:00:14]} 23. Rfd1 {[%emt 0:02:26]} Bxb6 {[%emt 0:00:01]} 24. Rxd7 {[%emt 0:00:27]} Bxf2+ {[%emt 0:00:03]} 25. Kxf2 {[%emt 0:00:02]} b5 {[%emt 0:00:01]} 26. Bxb5 {[%emt 0:00:14]} axb5 {[%emt 0:00:01]} 27. Rb7 {[%emt 0:00:02]} O-O {[%emt 0:00:47]} 28. Rxb5 {[%emt 0:00:22]} Rfc8 {[%emt 0:00:23]} 29. a3 {[%emt 0:02:55]} Rc4 {[%emt 0:00:14]} 30. Rg1+ {[%emt 0:00:17]} Kf8 {[%emt 0:00:11]} 31. Ke3 {[%emt 0:00:18]} Rc2 {[%emt 0:00:16]} 32. Rd1 {[%emt 0:00:37]} Rac8 {[%emt 0:00:07]} 33. Rb7 {[%emt 0:00:11]} R2c7 {[%emt 0:00:13]} 34. Rxc7 {[%emt 0:00:56]} Rxc7 {[%emt 0:00:01]} 35. b4 {[%emt 0:00:01]} Ra7 {[%emt 0:00:10]} 36. Ra1 {[%emt 0:00:04]} Ke7 {[%emt 0:00:02]} 37. a4 {[%emt 0:00:04]} Kd7 {[%emt 0:00:24]} 38. b5 {[%emt 0:00:12]} Ra5 {[%emt 0:00:02]} 39. Kd4 {[%emt 0:00:08]} Kc7 {[%emt 0:00:07]} 40. Kc5 {[%emt 0:00:02]} h5 {[%emt 0:00:08]} 41. Kb4 {[%emt 0:00:11]} Ra8 {[%emt 0:00:13]} 42. Rc1+ {[%emt 0:00:27]} Kb7 {[%emt 0:00:02]} 43. a5 {[%emt 0:01:02]} h4 {[%emt 0:00:25]} 44. a6+ {[%emt 0:00:12]} Kb8 {[%emt 0:00:20]} 45. Rh1 {[%emt 0:00:17]} Kc7 {[%emt 0:00:09]} 46. Rxh4 {[%emt 0:00:05]} Rd8 {[%emt 0:00:06]} 47. Rc4+ {[%emt 0:00:04]} Kb8 {[%emt 0:00:07]} 48. b6 {[%emt 0:00:21]} Rd5 {[%emt 0:00:18]} 49. Rc7 {[%emt 0:00:38]} Rxe5 {[%emt 0:00:05]} 50. a7+ {[%emt 0:00:03]} Ka8 {[%emt 0:00:02]} 51. Rc8+ {[%emt 0:00:02]} 1-0

[Event "Pia Cramling Ladies Open 2018"]
[Site "Stockholm"]
[Date "2018.09.01"]
[Round "3"]
[White "Fransson, Angelina"]
[Black "Agrest, Inna"]
[Result "0-1"]
[WhiteElo "2004"]
[BlackElo "2283"]
[Annotator "NA"]
[PlyCount "60"]
[EventDate "2018.09.01"]
[EventType "swiss"]
[EventCountry "SWE"]
[SourceTitle "playchess.com"]
[Source "ChessBase"]
[SourceQuality "1"]
[TimeControl "1800+10"]

{[%evp 8,56,-5,-1,0,0,7,-21,-2,-4,32767,32767,32767,32767,32767,32767,32767,32767,32767,32767,32767,32767,32767,32767,-294,-256,-302,-307,-288,-248,-250,-279,-264,-345,-289,-303,-296,-304,32767,-246,-228,-337,-338,32767,-389,-422,-430,-408,-368,-354,-343]} 1. e4 {[%emt 0:00:00]} e5 {[%emt 0:01:28]} 2. Nf3 {[%emt 0:00:00]} Nc6 {[%emt 0:00:01]} 3. d4 exd4 {[%emt 0:00:07]} 4. Bc4 {[%emt 0:00:10]} Nf6 {[%emt 0:00:05]} 5. e5 {[%emt 0:00:02]} d5 {[%emt 0:00:05]} 6. Bb5 {[%emt 0:00:01]} Ne4 {[%emt 0:00:02]} 7. Nxd4 {[%emt 0:00:07] LiveBook: 982 Games} Bc5 {[%emt 0:00:22]} 8. Nxc6 {[%emt 0:05:34] C56: Two Knights: 4 d4 exd4 5 0-0 Nxe4} (8. Be3 O-O 9. Nxc6 bxc6 10. Bxc5 Nxc5 11. Bxc6 Rb8 12. O-O Rxb2 13. Qxd5 Qxd5 14. Bxd5 Rxc2 15. Na3 Re2 16. Rac1 Nd3 17. Rxc7 Be6 18. Bb3 a5 19. Ra7 Bxb3 20. axb3 Rxe5 {1-0 (31) Nakamura,H (2798)-Onischuk,A (2665) Saint Louis 2015}) 8... Bxf2+ {[%emt 0:06:43]} 9. Kf1 {[%emt 0:00:11]} Qh4 {[%emt 0:00:02]} 10. Qf3 {[%emt 0:11:27]} Bg4 $146 {[%emt 0:02:17]} ({Predecessor:} 10... a6 11. Ba4 Bd7 12. e6 fxe6 13. Nd2 Rf8 14. Ne5 Bxa4 15. Qd3 Bd4+ 16. Nef3 Qf2# {0-1 (16) Blanco Estebanez,C-Chans Farina,J (2103) Oviedo 2003}) 11. Qf4 {[%emt 0:00:49]} g5 {[%emt 0:02:56]} 12. Nd4+ {[%emt 0:02:06]} c6 {[%emt 0:00:41]} 13. Nf5 {[%emt 0:01:55]} gxf4 {[%emt 0:00:38]} 14. Nxh4 {[%emt 0:00:05]} cxb5 {[%emt 0:00:17]} 15. Nf3 {[%emt 0:00:21]} Rc8 {[%emt 0:00:36]} 16. c3 {[%emt 0:00:36]} Bb6 {[%emt 0:00:23]} 17. Ke2 {[%emt 0:00:54]} Rg8 {[%emt 0:03:48]} 18. Bxf4 {[%emt 0:00:34]} Bf5 {[%emt 0:00:28]} 19. g3 {[%emt 0:00:40]} Nf2 {[%emt 0:00:18]} 20. Rd1 {[%emt 0:06:50]} Nxd1 {[%emt 0:00:17]} 21. Kxd1 {[%emt 0:00:01]} Bg4 {[%emt 0:01:03]} 22. Nbd2 {[%emt 0:00:01]} d4 {[%emt 0:00:01]} 23. cxd4 {[%emt 0:01:03]} Bxd4 {[%emt 0:00:05]} 24. Rb1 {[%emt 0:00:00]} Bb6 {[%emt 0:00:32]} 25. Ke1 {[%emt 0:00:13]} Ke7 {[%emt 0:00:28]} 26. Ng5 {[%emt 0:00:01]} Bf5 {[%emt 0:00:29]} 27. Nge4 {[%emt 0:00:21]} Rc6 {[%emt 0:01:31]} 28. Rd1 {[%emt 0:00:14]} Ba5 $19 {[%emt 0:00:17]} 29. Bg5+ {[%emt 0:00:09]} Ke6 {[%emt 0:00:22]} 30. Ke2 {[%emt 0:00:23]} Bxd2 {[%emt 0:00:12]} 0-1

[Event "Pia Cramling Ladies Open 2018"]
[Site "Stockholm"]
[Date "2018.09.01"]
[Round "3"]
[White "Mariano-Wågman, Christine Rose"]
[Black "Bengtsson, Siv"]
[Result "1-0"]
[WhiteElo "1906"]
[BlackElo "2111"]
[Annotator "NA"]
[PlyCount "53"]
[EventDate "2018.09.01"]
[EventType "swiss"]
[EventCountry "SWE"]
[SourceTitle "playchess.com"]
[Source "ChessBase"]
[SourceQuality "1"]
[TimeControl "1800+10"]

1. e4 {[%emt 0:00:00]} c5 {[%emt 0:00:18]} 2. Ne2 {[%emt 0:00:06]} Nc6 {[%emt 0:00:08]} 3. Nbc3 {[%emt 0:00:25]} Nf6 {[%emt 0:00:22]} 4. g3 {[%emt 0:00:05]} e6 {[%emt 0:00:23]} 5. Bg2 {[%emt 0:00:04]} d5 {[%emt 0:00:06]} 6. exd5 {[%emt 0:00:10]} exd5 {[%emt 0:00:05]} 7. Nf4 {[%emt 0:00:06]} d4 {[%emt 0:05:46]} 8. Ncd5 {[%emt 0:00:04]} Nxd5 {[%emt 0:00:54]} 9. Nxd5 {[%emt 0:00:01]} Be6 {[%emt 0:01:05] B23: Sizilianisch (Geschlossenes System)} (9... Bd6 10. O-O O-O 11. d3 Be6 12. Qh5 Qd7 13. Re1 Bg4 14. Qh4 Ne5 15. h3 Be6 16. Qh5 Rad8 17. Nf4 Bf5 18. b3 Rfe8 19. Bd2 {1-0 (84) Reinderman,D (2593)-Yu,Y (2677) Wijk aan Zee 2014}) 10. Nf4 {[%emt 0:00:21]} Bd7 $146 {[%emt 0:00:34]} ({Vorgänger:} 10... Bf5 11. O-O Be7 12. d3 O-O 13. Re1 Qd7 14. a3 Rad8 15. Bd2 Rfe8 16. h3 h6 17. g4 {1-0 (39) Egorov,E (2387)-Taalaibekov,T (2139) Cholpon Ata 2016}) 11. O-O {[%emt 0:00:50]} Be7 {[%emt 0:00:13]} 12. d3 {[%emt 0:00:30]} O-O {[%emt 0:00:05]} 13. Re1 {[%emt 0:00:14]} Rc8 {[%emt 0:01:16]} 14. Bd2 {[%emt 0:00:24]} b5 {[%emt 0:01:40]} 15. Qh5 {[%emt 0:00:46]} g6 {[%emt 0:01:52]} 16. Qd5 {[%emt 0:00:13]} Nb8 {[%emt 0:00:26]} 17. Re2 {[%emt 0:10:30]} Bf6 {[%emt 0:01:15]} 18. Rae1 {[%emt 0:01:15]} Bc6 {[%emt 0:04:40]} 19. Qb3 {[%emt 0:01:19]} c4 {[%emt 0:02:13]} 20. dxc4 {[%emt 0:00:06]} bxc4 {[%emt 0:00:01]} 21. Qa3 {[%emt 0:00:10]} Bxg2 {[%emt 0:00:42]} 22. Nxg2 {[%emt 0:01:33]} Qb6 {[%emt 0:01:35]} 23. Bb4 {[%emt 0:01:14]} Rfd8 $2 {[%emt 0:00:09]} (23... d3 $1 $11 {und Schwarz steht sicher.} 24. cxd3 cxd3) 24. Ba5 {[%emt 0:00:09]} Qc6 {[%emt 0:00:59]} 25. Bxd8 {[%emt 0:00:11]} Bxd8 {[%emt 0:00:14]} (25... Rxd8 $18 26. Nf4 (26. Qxa7 Na6 $16) 26... Kg7) 26. Re8+ {[%emt 0:00:05]} Kg7 {[%emt 0:00:02]} 27. Qf8+ {[%emt 0:00:05]} 1-0

[Event "Pia Cramling Ladies Open 2018"]
[Site "Stockholm"]
[Date "2018.09.01"]
[Round "3"]
[White "Berg, Maria"]
[Black "Stromberg, Victoria"]
[Result "1-0"]
[WhiteElo "1722"]
[BlackElo "1224"]
[Annotator "NA"]
[PlyCount "63"]
[EventDate "2018.09.01"]
[EventType "swiss"]
[EventCountry "SWE"]
[SourceTitle "playchess.com"]
[Source "ChessBase"]
[SourceQuality "1"]
[TimeControl "1800+10"]

1. e4 {[%emt 0:00:46]} e6 {[%emt 0:00:00]} 2. d4 {[%emt 0:00:27]} g6 {[%emt 0:00:12]} 3. Nf3 {[%emt 0:01:05]} Bg7 {[%emt 0:00:10]} 4. Be2 {[%emt 0:00:39]} d6 {[%emt 0:00:08]} 5. O-O {[%emt 0:00:28]} Ne7 {[%emt 0:00:03]} 6. Nc3 {[%emt 0:00:48]} Nd7 {[%emt 0:00:36]} 7. Bg5 {[%emt 0:01:30]} a6 {[%emt 0:01:38]} 8. Qd2 {[%emt 0:00:46]} h6 {[%emt 0:00:57]} 9. Be3 {[%emt 0:01:04]} Nf6 {[%emt 0:00:26]} 10. e5 {[%emt 0:01:22]} Ng4 {[%emt 0:00:28]} 11. exd6 {[%emt 0:01:26]} cxd6 {[%emt 0:00:25]} 12. h3 {[%emt 0:05:20]} Nxe3 {[%emt 0:00:09]} 13. fxe3 {[%emt 0:03:45]} Bd7 {[%emt 0:01:04]} 14. d5 {[%emt 0:00:15]} exd5 {[%emt 0:01:51]} 15. Nxd5 {[%emt 0:00:37]} Nxd5 {[%emt 0:00:42]} 16. Qxd5 {[%emt 0:00:12]} Bc6 {[%emt 0:00:08]} 17. Qb3 {[%emt 0:01:16]} O-O {[%emt 0:00:43]} 18. Bd3 {[%emt 0:01:17]} Qd7 {[%emt 0:02:59]} 19. Bxg6 {[%emt 0:00:57]} d5 {[%emt 0:01:46]} 20. Bh5 {[%emt 0:02:58]} Rae8 {[%emt 0:00:32]} 21. Nd4 {[%emt 0:00:37]} Kh8 {[%emt 0:02:25]} 22. Rf3 {[%emt 0:01:20]} Re5 {[%emt 0:02:11]} 23. Bg4 {[%emt 0:01:15]} Qe7 {[%emt 0:00:22]} 24. Raf1 {[%emt 0:00:34]} Be8 {[%emt 0:09:15]} 25. Nf5 {[%emt 0:00:23]} Qg5 {[%emt 0:01:17]} 26. Nd6 {[%emt 0:01:35]} h5 {[%emt 0:02:46]} 27. Bc8 {[%emt 0:00:02]} f6 {[%emt 0:00:48]} 28. Qxb7 {[%emt 0:00:13]} Bb5 {[%emt 0:00:24]} 29. R1f2 {[%emt 0:01:33]} Rxe3 {[%emt 0:00:04]} 30. Nf7+ {[%emt 0:00:09]} Rxf7 {[%emt 0:00:05]} 31. Qxf7 {[%emt 0:00:03]} Re1+ {[%emt 0:00:09]} 32. Kh2 1-0

[Event "Pia Cramling Ladies Open 2018"]
[Site "Stockholm"]
[Date "2018.09.01"]
[Round "3"]
[White "Olsson, Linn"]
[Black "Akerlund, Lucia"]
[Result "1-0"]
[WhiteElo "1703"]
[BlackElo "1339"]
[Annotator "NA"]
[PlyCount "79"]
[EventDate "2018.09.01"]
[EventType "swiss"]
[EventCountry "SWE"]
[SourceTitle "playchess.com"]
[Source "ChessBase"]
[SourceQuality "1"]
[TimeControl "1800+10"]

1. d4 {[%emt 0:00:00]} Nf6 {[%emt 0:00:09]} 2. c4 {[%emt 0:00:00]} c5 {[%emt 0:00:11]} 3. e3 {[%emt 0:00:53]} Nc6 {[%emt 0:00:36]} 4. Nc3 {[%emt 0:00:12]} e5 {[%emt 0:00:19]} 5. d5 {[%emt 0:00:16]} Ne7 {[%emt 0:00:39]} 6. e4 {[%emt 0:00:22]} d6 {[%emt 0:00:15]} 7. Nf3 {[%emt 0:00:35]} Ng6 {[%emt 0:00:22]} 8. Bg5 {[%emt 0:01:36]} Be7 {[%emt 0:00:19]} 9. a3 {[%emt 0:00:29]} O-O {[%emt 0:00:19]} 10. Be2 {[%emt 0:00:21]} Ne8 {[%emt 0:00:50]} 11. Be3 {[%emt 0:01:32]} a6 {[%emt 0:00:34]} 12. O-O {[%emt 0:00:48]} f5 {[%emt 0:00:49]} 13. exf5 {[%emt 0:02:46]} Rxf5 {[%emt 0:01:31]} 14. Bd3 {[%emt 0:00:11]} Rf6 {[%emt 0:01:22]} 15. Bg5 {[%emt 0:00:43]} Rf8 {[%emt 0:00:38]} 16. Bxg6 {[%emt 0:05:27]} Bxg5 {[%emt 0:00:22]} 17. Bxe8 {[%emt 0:01:19]} Rxe8 {[%emt 0:00:10]} 18. Ne4 {[%emt 0:00:12]} Bg4 {[%emt 0:00:39]} 19. Nexg5 {[%emt 0:00:19]} e4 {[%emt 0:01:16]} 20. Nxe4 {[%emt 0:00:38]} Rxe4 {[%emt 0:00:10]} 21. Qd3 {[%emt 0:00:43]} Bf5 {[%emt 0:01:50]} 22. Qc3 {[%emt 0:00:10]} Qf8 {[%emt 0:01:21]} 23. Rfe1 {[%emt 0:01:54]} Rae8 {[%emt 0:00:10]} 24. Rxe4 {[%emt 0:02:00]} Bxe4 {[%emt 0:00:15]} 25. Ng5 {[%emt 0:00:46]} Bg6 {[%emt 0:04:36]} 26. Ne6 {[%emt 0:00:13]} Qf7 {[%emt 0:00:31]} 27. b4 {[%emt 0:00:46]} b6 {[%emt 0:00:19]} 28. bxc5 {[%emt 0:00:28]} bxc5 {[%emt 0:00:09]} 29. Qa5 {[%emt 0:01:08]} Bf5 {[%emt 0:02:02]} 30. Re1 {[%emt 0:02:21]} h5 {[%emt 0:01:22]} 31. Qxa6 {[%emt 0:00:44]} h4 {[%emt 0:00:58]} 32. h3 {[%emt 0:00:27]} Qg6 {[%emt 0:01:46]} 33. Kh2 {[%emt 0:01:10]} Bxe6 {[%emt 0:01:04]} 34. dxe6 {[%emt 0:00:13]} Rxe6 {[%emt 0:00:07]} 35. Qc8+ {[%emt 0:00:05]} Kf7 {[%emt 0:00:32]} 36. Qd7+ {[%emt 0:00:07]} Kg8 {[%emt 0:01:13]} 37. Qxe6+ {[%emt 0:00:03]} Qxe6 {[%emt 0:00:07]} 38. Rxe6 {[%emt 0:00:01]} Kf7 {[%emt 0:00:02]} 39. Rxd6 {[%emt 0:00:01]} Ke7 40. Rd1 1-0

[Event "Pia Cramling Ladies Open 2018"]
[Site "Stockholm"]
[Date "2018.09.01"]
[Round "3"]
[White "Hellmer, Helena"]
[Black "Puuska, Heini"]
[Result "0-1"]
[WhiteElo "1436"]
[BlackElo "1961"]
[Annotator "NA"]
[PlyCount "60"]
[EventDate "2018.09.01"]
[EventType "swiss"]
[EventCountry "SWE"]
[SourceTitle "playchess.com"]
[Source "ChessBase"]
[SourceQuality "1"]
[TimeControl "1800+10"]

1. Nf3 {[%emt 0:00:55]} Nf6 {[%emt 0:00:07]} 2. g3 {[%emt 0:00:04]} d5 {[%emt 0:00:24]} 3. d3 {[%emt 0:00:02]} h6 {[%emt 0:00:24]} 4. Bg2 {[%emt 0:00:02]} Bf5 {[%emt 0:00:12]} 5. Nbd2 {[%emt 0:00:04] A07: Réti Opening: New York and Capablanca Systems} (5. c4 dxc4 6. Ne5 c6 7. Nxc4 Nbd7 8. O-O e5 9. b4 Qc7 10. a3 Rd8 11. Bb2 Be7 12. Nbd2 O-O {1-0 (39) Shabalov,A (2533)-Mandiza,F (2368) Chicago 2016}) 5... Nbd7 {[%emt 0:00:46]} 6. O-O {[%emt 0:00:03]} e5 {[%emt 0:00:39]} 7. c4 {[%emt 0:00:35]} (7. e4 $5 dxe4 8. Nxe4 $11) 7... c6 {[%emt 0:01:13]} 8. Nh4 $146 {[%emt 0:01:36]} ({Predecessor:} 8. cxd5 cxd5 9. Qa4 Qb8 10. e4 Be6 11. exd5 Bxd5 12. Re1 b5 13. Qd1 Bd6 14. Nxe5 Bxe5 15. Bxd5 Nxd5 {½-½ (29) Jablonicky,M (2331)-Lintner,I (2089) Tatralandia 2015}) 8... Be6 {[%emt 0:01:37]} 9. e4 {[%emt 0:01:07]} d4 {[%emt 0:00:47]} 10. Nb3 {[%emt 0:01:25]} c5 {[%emt 0:01:05]} 11. Nf5 {[%emt 0:00:54]} g6 {[%emt 0:02:26]} 12. Nh4 {[%emt 0:00:10]} Nh5 {[%emt 0:01:51]} 13. f4 {[%emt 0:00:40] [#]} exf4 $1 {[%emt 0:00:41]} 14. Bxf4 {[%emt 0:00:01]} (14. Nf5 {war nötig.} fxg3 15. Nxg3) 14... Nxf4 {[%emt 0:00:28]} 15. Nf5 {[%emt 0:04:28]} Nxg2 {[%emt 0:01:50]} 16. Qe2 {[%emt 0:01:22]} Ne3 {[%emt 0:00:54]} 17. Nxe3 {[%emt 0:00:10]} dxe3 {[%emt 0:00:15]} 18. Qxe3 {[%emt 0:00:11]} Bg7 {[%emt 0:00:59]} 19. Qf2 {[%emt 0:00:58]} O-O {[%emt 0:01:49]} 20. Qg2 {[%emt 0:01:52]} Qc7 {[%emt 0:04:18]} 21. Kh1 {[%emt 0:02:22]} Ne5 {[%emt 0:01:05]} 22. d4 {[%emt 0:00:44]} cxd4 {[%emt 0:00:45]} 23. Nxd4 {[%emt 0:00:03]} Bxc4 {[%emt 0:01:40]} 24. Rfc1 {[%emt 0:00:05]} Qb6 {[%emt 0:01:23]} 25. Rd1 {[%emt 0:02:01]} Rad8 {[%emt 0:00:36]} 26. b3 {[%emt 0:01:25]} Rxd4 {[%emt 0:00:52]} 27. bxc4 {[%emt 0:00:02]} Rxd1+ {[%emt 0:00:40]} 28. Rxd1 {[%emt 0:00:02]} Rd8 {[%emt 0:00:08]} 29. Rxd8+ {[%emt 0:01:22]} Qxd8 {[%emt 0:00:02]} 30. Qe2 {[%emt 0:00:22]} Qd3 $19 {[%emt 0:00:22]} 0-1